Ladislav Vychodil

Gespeichert in:
Bibliographische Detailangaben
1. Verfasser: Lajcha, Ladislav (Verfasst von)
Format: Buch
Veröffentlicht: Bratislava, Slovenský Tatra, 2003
Schlagworte:
Tags: Tag hinzufügen
Keine Tags, Fügen Sie das erste Tag hinzu!

MARC

LEADER 00000nam a22000003a 4500
001 stu92694
005 20150617225617.3
008 050201s--------------------------------d
020 |a 8022205087 
040 |a STU  |b slo 
041 0
100 1 |a Lajcha, Ladislav  |4 aut 
245 1 |a Ladislav Vychodil 
260 |a Bratislava, Slovenský Tatra, 2003 
300 |a 239 s 
650 7 |a Vychodil, Ladislav- o ňom  |2 stusub 
650 7 |a výtvarníci slovenskí  |2 stusub 
996 |b 284AU02119  |c A*4168 U  |l AAKNST  |s P  |a 0  |w stu92694_0001